| 000 | 00691nac a22002051u 4500 | ||
|---|---|---|---|
| 008 | 150701b xxu||||| |||| 00| 0 eng d | ||
| 020 | _a9780750684132 | ||
| 082 |
_a658.8 _bWIL |
||
| 100 |
_aWilliams, John _935416 |
||
| 245 |
_aMarketing management in practice/ _cJohn Williams, Tony Curtis and the Chartered Institute of marketing |
||
| 260 |
_aBoston: _bButterworth-Heinemann,2007 _c2007 |
||
| 300 |
_a376p.: _bill.; _c30 cm. |
||
| 500 | _adistributer: Baccah | ||
| 500 | _aIncludes index | ||
| 511 | _aCatalogued by: wessam | ||
| 650 |
_aMarketing _xmanagement _2BUEsh |
||
| 651 | _2BUEsh | ||
| 710 | _aThe Chartered Institute of marketing | ||
| 942 |
_cBB _k658.8WIL _2ddc |
||
| 999 |
_c8673 _d8672 |
||